000 01384nam0a2200325 4500
001 RU\NLR\bibl\834541
005 20260406071708.0
010 _a5-9596-0189-3
_9300
021 _aRU
_b2005-41970
_92078
035 _a(NLR Aleph) 000823391
090 _a1315384
_c1315384
100 _a20050826d2005 |||y0rusy50 ca
101 0 _arus
102 _aRU
105 _aa |||||||||
200 1 _aОсновные мероприятия по защите земель от негативных явлений
_eмонография
_fВ.И. Трухачев, П.В. Клюшин, А.С. Цыганков
210 _aСтаврополь
_cАГРУС
_d2005
215 _a190, [1] с.
_cил.
_d20
300 _aНа обл.: 75 лет СтГАУ
320 _aБиблиогр.: с. 187-190 (93 назв.)
606 1 _aПочвы
_xЭрозия
_xБорьба с ней
_9906662
_3RU\NLR\auth\6610665
686 _aП064
700 1 _4070
_8rus
_7ca
_aТрухачев
_bВ. И.
_cд-р с.-х. наук, д-р экон. наук
_f1955-
_gВладимир Иванович
_3RU\NLR\auth\7728682
_911713
701 1 _aКлюшин
_bП. В.
_gПавел Владимирович
_4070
701 1 _aЦыганков
_bА. С.
_gАлександр Степанович
_4070
801 0 _aRU
_bNLR
_c20050826
_grcr
801 1 _aRU
_bNLR
_c20050826
942 _cBOOK
980 _aNB